Gambie mandinka kora.

Saved in:
Bibliographic Details
Main Author: Suso, Nyama, -1991.
Format: Audio
Language:Mandingo
Published: [France] : Ocora, [1973]
Subjects:
Tags: Add Tag
No Tags, Be the first to tag this record!
LEADER 01027njm a2200301I 4500
001 008317449-4
005 20020904153954.0
008 790412p19731972fr sgn degik man
010 |a  74760156  
028 0 0 |a OCR 70  |b Ocora 
035 0 |a ocm73799430 
035 0 |a ocm04850653 
040 |a DLC  |c DRB  |d HMU 
041 0 |d man  |e engfre 
050 |a M1831.M24 
100 1 |a Suso, Nyama,  |d -1991. 
245 1 0 |a Gambie  |h [sound recording] :  |b mandinka kora. 
260 |a [France] :  |b Ocora,  |c [1973] 
300 |a 1 sound disc :  |b analog, 33 1/3 rpm, stereo. ;  |c 12 in. 
500 |a Program notes in English by R. Knight, with French translation ([8] p. illus.) bound in album ; durations on labels. 
505 0 |a Yundumunko -- Kura -- Kuruntu kelefa/kelefabs -- Jimbasengo -- Chedo -- Tabara. 
511 0 |a Jali Nyama Suso, kora. 
518 |a Recorded at the University of Washington in Seattle, April 1972. 
650 0 |a Songs, Mandingo. 
650 0 |a Kora music. 
650 0 |a Music  |z Gambia. 
988 |a 20020608 
906 |0 DLC